Systems analysis and design in a changing world / (Record no. 28651)
[ view plain ]
| 000 -LEADER | |
|---|---|
| fixed length control field | 01599cam a22004095i 4500 |
| 001 - CONTROL NUMBER | |
| control field | 14814094 |
| 003 - CONTROL NUMBER IDENTIFIER | |
| control field | EG-ScBUE |
| 005 - DATE AND TIME OF LATEST TRANSACTION | |
| control field | 20200902120725.0 |
| 006 - FIXED-LENGTH DATA ELEMENTS--ADDITIONAL MATERIAL CHARACTERISTICS--GENERAL INFORMATION | |
| fixed length control field | m||||fq||b 00| 0 |
| 008 - FIXED-LENGTH DATA ELEMENTS--GENERAL INFORMATION | |
| fixed length control field | 070419t20072007maua f b 001 0 eng d |
| 020 ## - INTERNATIONAL STANDARD BOOK NUMBER | |
| International Standard Book Number | 9781418837662 (hbk. student ed.) |
| 020 ## - INTERNATIONAL STANDARD BOOK NUMBER | |
| International Standard Book Number | 1418837660 (hbk. student ed.) |
| 035 ## - SYSTEM CONTROL NUMBER | |
| System control number | (OCoLC)ocm71891061 |
| 040 ## - CATALOGING SOURCE | |
| Original cataloging agency | YDXCP |
| Language of cataloging | eng |
| Description conventions | rda |
| Transcribing agency | YDXCP |
| Modifying agency | OCLCQ |
| -- | IAY |
| -- | OCLCQ |
| -- | BAKER |
| -- | DLC |
| -- | EG-ScBUE |
| 082 04 - DEWEY DECIMAL CLASSIFICATION NUMBER | |
| Classification number | 004.21 |
| Item number | SAT |
| Edition number | 22 |
| 100 1# - MAIN ENTRY--PERSONAL NAME | |
| Personal name | Satzinger, John W., |
| Relator term | author. |
| 245 10 - TITLE STATEMENT | |
| Title | Systems analysis and design in a changing world / |
| Statement of responsibility, etc | John W. Satzinger, Missouri State University, Robert B. Jackson, Brigham Young University, Stephen D. Burd, University of New Mexico. |
| 250 ## - EDITION STATEMENT | |
| Edition statement | Fourth edition. |
| 250 ## - EDITION STATEMENT | |
| Edition statement | International student edition. |
| 264 #1 - PUBLICATION, DISTRIBUTION, ETC. (IMPRINT) | |
| Place of publication, distribution, etc | Boston, MA : |
| Name of publisher, distributor, etc | Thomson Course Technology, |
| Date of publication, distribution, etc | [2007] |
| 264 #4 - PUBLICATION, DISTRIBUTION, ETC. (IMPRINT) | |
| Date of publication, distribution, etc | c2007 |
| 300 ## - PHYSICAL DESCRIPTION | |
| Extent | xxxii, 672 pages : |
| Other physical details | illustrations (color) ; |
| Dimensions | 29 cm + |
| Accompanying material | 1 CD-ROMs (4 3/4 in.) |
| 336 ## - CONTENT TYPE | |
| Content type term | text |
| Content type code | txt |
| Source | rdacontent |
| 336 ## - CONTENT TYPE | |
| Content type term | computer program |
| Content type code | cop |
| Source | rdacontent |
| 337 ## - MEDIA TYPE | |
| Media type term | unmediated |
| Media type code | n |
| Source | rdamedia |
| 337 ## - MEDIA TYPE | |
| Media type term | computer |
| Media type code | c |
| Source | rdamedia |
| 338 ## - CARRIER TYPE | |
| Carrier type term | volume |
| Carrier type code | nc |
| Source | rdacarrier |
| 338 ## - CARRIER TYPE | |
| Source | computer disc |
| Carrier type term | cd |
| Carrier type code | rdacarrier |
| 500 ## - GENERAL NOTE | |
| General note | Enclosed CD-ROMs are: Microsoft Office project professional 2003 (120-day trial) |
| 504 ## - BIBLIOGRAPHY, ETC. NOTE | |
| Bibliography, etc | Includes bibliographical references and index. |
| 650 #7 - SUBJECT ADDED ENTRY--TOPICAL TERM | |
| Topical term or geographic name as entry element | System analysis. |
| Source of heading or term | BUEsh |
| 650 #7 - SUBJECT ADDED ENTRY--TOPICAL TERM | |
| Topical term or geographic name as entry element | System design. |
| Source of heading or term | BUEsh |
| 653 ## - INDEX TERM--UNCONTROLLED | |
| Resource For college | Informatics and Computer Science |
| Arrived date list | August2020 |
| 700 1# - ADDED ENTRY--PERSONAL NAME | |
| Personal name | Jackson, Robert B., |
| Dates associated with a name | 1942- |
| Relator term | author. |
| 700 1# - ADDED ENTRY--PERSONAL NAME | |
| Personal name | Burd, Stephen D., |
| Relator term | author. |
| 942 ## - ADDED ENTRY ELEMENTS (KOHA) | |
| Source of classification or shelving scheme | Dewey Decimal Classification |
| Koha item type | Book - Borrowing |
| Withdrawn status | Lost status | Source of classification or shelving scheme | Damaged status | Not for loan | Collection code | Home library | Current library | Shelving location | Date acquired | Source of acquisition | Total Checkouts | Full call number | Barcode | Date last seen | Price effective from | Koha item type |
|---|---|---|---|---|---|---|---|---|---|---|---|---|---|---|---|---|
| Dewey Decimal Classification | unknown | Central Library | Central Library | Lower Floor | 02/09/2020 | Purchase | 004.21 SAT | 000049541 | 15/07/2025 | 02/09/2020 | Book - Borrowing | |||||
| Dewey Decimal Classification | unknown | Central Library | Central Library | Lower Floor | 02/09/2020 | Purchase | 004.21 SAT | 000049542 | 24/08/2022 | 02/09/2020 | CD | DVD - With book |